000 00598nam a22001817a 4500
999 _c59295
_d59295
005 20230116115507.0
008 230116s2012ge xxu||||| |||| 00| 0 ger d
020 _a9783126762328 X
041 _ager
080 _a811.112.1 R-37
100 _aReinke, Kerstin
_916669
245 _a Phonetiktrainer A1-B1: Aussichten /
_c Kerstin Reinke
264 _aStuttgart ,
_c2012.
300 _a104 p:.
_bKurs- und Selbstlernmaterial mit + 2 audio CDs. Ill;
_c26 cm.
653 _a Phonetiktrainer A1-B1
653 _aგერმანული ენის გამოთქმა
942 _2udc
_cBK